Thomas Jefferson, landscape architecture (Record no. 59865)

MARC details
000 -LEADER
fixed length control field 00583nam a2200145 a 4500
008 - FIXED-LENGTH DATA ELEMENTS--GENERAL INFORMATION
fixed length control field 120416s0000 ||||||||||||||||| || u
020 ## - INTERNATIONAL STANDARD BOOK NUMBER
International Standard Book Number 0813906032
050 ## - LIBRARY OF CONGRESS CALL NUMBER
Classification number E 332.2 Nic
100 ## - MAIN ENTRY--PERSONAL NAME
Personal name Nichols, Frederick Doveton
245 10 - TITLE STATEMENT
Title Thomas Jefferson, landscape architecture
246 ## - VARYING FORM OF TITLE
Title proper/short title Frederick Doveton Nichols [and others]
260 ## - PUBLICATION, DISTRIBUTION, ETC.
Place of publication, distribution, etc. Charlottesville
Name of publisher, distributor, etc. University Press of Virginia
Date of publication, distribution, etc. 1978
350 ## - PRICE (NR) (BK AM CF MU VM SE) [OBSOLETE]
Price 0.00
995 ## - RECOMMENDATION 995 [LOCAL, UNIMARC FRANCE]
-- 0.00
-- CBU-MAIN LIBRARY (Kitwe)
-- 1
-- 0.00
-- 1
-- AVAILABLE
-- Oct 11, 2006
-- Main Library Open Access Collection
Holdings
Withdrawn status Lost status Source of classification or shelving scheme Damaged status Not for loan Home library Current library Shelving location Date acquired Total Checkouts Full call number Barcode Date last seen Price effective from Koha item type
          CBU-MAIN LIBRARY, KITWE. CBU-MAIN LIBRARY, KITWE.   11/30/2022   E 332.2 Nic 026959 11/30/2022 11/30/2022 MONOGRAPH